000
00339nam a2200157Ia 4500
100
_a
Mitra/L
650
_a
Chemistry
942
_c
BK
654
_a
Inorganic Chemistry
245
_a
Text BookOf Inorganic Chemistry
260
_b
Ghosh & Co
_a
Calcutta
_c
1967
082
_a
546
_b
Mit
300
_a
714
546
_a
ENGLISH
999
_c
34710
_d
34710